000 00590nam a2200181 i 4500
001 bg
100 1 _aBRAHMER-KACPRZYŃSKA, Anna
245 0 _aFunkcja Riemanna dla układu równań Maźwella ośrodka anizotropowego /
_cA. Brahmer-Kacprzyńska, W. Zielke.
260 _aWarszawa,
_c1980.
490 1 _aPrace Instytutu Podstawowych Problemów Techniki PAN ;
_v40
700 1 _aZIELKE, Walter
830 _aPrace Instytutu Podstawowych Problemów Techniki PAN ;
040 _cBPK
041 _apol
080 _a537.8:517.5
942 _cKS
008 s pl f |000 0 pol
999 _c20884
_d20884
856 _uhttp://koha.tu.koszalin.pl/cgi-bin/koha/opac-detail.pl?biblionumber=20884
_yKatalog online BPK